Energetika Brazílie

Problematika energetiky a využívania hydroenergetického potenciálu v Brazílii. Najväčšie vodné elektrárne. Vodné dielo ITAIPU na rieke Paraná.

Uložené v:
Podrobná bibliografia
Hlavný autor: Liška, Miroslav
Médium: Kapitola
Jazyk:Slovak
Predmet:
Tagy: Pridať tag
Žiadne tagy, Buďte prvý, kto otaguje tento záznam!

MARC

LEADER 00000naa a2200000 4500
001 r048513
005 20230925120344.3
041 0 |a slo 
044 |a SK 
245 1 0 |a Energetika Brazílie  |c Miroslav Liška 
520 |a Problematika energetiky a využívania hydroenergetického potenciálu v Brazílii. Najväčšie vodné elektrárne. Vodné dielo ITAIPU na rieke Paraná. 
610 2 0 |a energetika 
610 2 0 |a diela vodné 
610 2 0 |a Brazília 
100 1 |a Liška, Miroslav